00846nam a2200253 i 4500001001100000003000500011005001700016008004100033040002500074082001400099090002000113100003000133245006900163264006000232300002300292336002100315337002500336338002300361500007400384650002300458942001000481999001900491952008200510C2-0223874PPAK20180728152608.0000308s1978 my |||| ||||| | may d aPPAKbengcPPAKerda04a959.522300a959.5bLEOdKWI1 aLeong, Yee Fang, eauthor10aPermulaan kesedaran perburuhan China di Tanah Melayu (1920-1940) 1aBangi, Selangor : bPersatuan Sejarah Malaysia , c1978 a29 pages ; c28 cm 2rdacontentatext 2rdamediaaunmediated 2rdacarrieravolume aKertas-kertas kerja - Kongres Sejarah Malaysia (1978 Apr. 10-12: UKM)10aMalaysia - History ddccB c144921d144921 0071bPPAKcKWId2000-03-08oKWI 959.5 LEOpA00216035r2018-05-31 00:00:00yB